000 00692naa a2200229 i 4500
001 77721
003 ES-MaBCM
005 20241016120508.0
008 010924s2001 gbr 000 0 eng d
021 _axx
035 _a(OCoLC)1365190502
040 _cES-MaBCM
041 0 _aeng
043 _agbr
100 1 _aEasterlin, Richard A.
_913768
245 1 0 _aIncome and happiness
_b: towards a unified theory
_cRichard A. Easterlin
650 2 7 _aDistribución de la renta
_958427
650 2 7 _aFelicidad
_958695
650 7 _aCalidad de la vida
_957797
773 0 _aEn:
_tThe economic journal
_dOxford : 2001
_w104400
_gvol. 111, no. 473, July, p. 465-484. - Loc. S.41
942 _cAREV
999 _c77721
_d77721